MARC

LEADER 00000nam0a2200000 4500
001 198956
005 20231101224842.0
010 |b 1250 экз. 
035 |a (RuTPU)RU\TPU\book\216970 
090 |a 198956 
100 |a 20110714d1961 k y0rusy50 ca 
101 0 |a rus 
102 |a RU 
105 |a ac z 001zb 
200 1 |a Карл Бэр, его жизнь и труды  |f Б. Е. Райков,   |g Академия наук СССР (АН СССР), Институт истории естествознания и техники (ИИЕТ АН СССР) ; под ред.  
210 |a Москва  |c Изд-во АН СССР  |d 1961  |a Ленинград 
215 |a 524 с.  |c портр. 
320 |a Библиогр.: с. 461-514 
320 |a Имен. указ.: с. 515-520. 
610 1 |a биология 
610 1 |a история науки 
610 1 |a биографии 
610 1 |a Россия 
610 1 |a 19 век 
675 |a 57(09)  |v 3 
700 1 |a Райков  |b Б. Е.  |c биолог  |c историк науки  |f 1880-1966  |g Борис Евгеньевич  |2 stltpush  |3 (RuTPU)RU\TPU\pers\23914  |9 10558 
712 0 2 |a Академия наук СССР (АН СССР)  |b Институт истории естествознания и техники (ИИЕТ АН СССР)  |c (Москва)  |2 stltpush  |3 (RuTPU)RU\TPU\col\8662 
801 1 |a RU  |b 63413507  |c 20110714 
801 2 |a RU  |b 63413507  |c 20111202  |g RCR 
942 |c BK